Inquietudes : (Registro nro. 7380)

Detalles MARC
000 -LEADER
fixed length control field 00896nam a2200301 u 4500
001 - CONTROL NUMBER
control field 000020455
003 - CONTROL NUMBER IDENTIFIER
control field DO-SdBNP
005 - DATE AND TIME OF LATEST TRANSACTION
control field 20160920154737.0
007 - PHYSICAL DESCRIPTION FIXED FIELD--GENERAL INFORMATION
fixed length control field 000020455
008 - FIXED-LENGTH DATA ELEMENTS--GENERAL INFORMATION
fixed length control field 100809s1993 dr r 001 0 spa d
040 ## - CATALOGING SOURCE
Original cataloging agency BPMET
Language of cataloging spa
Transcribing agency BPMET
092 ## - LOCALLY ASSIGNED DEWEY CALL NUMBER (OCLC)
Classification number 020
Item number L247i
100 1# - MAIN ENTRY--PERSONAL NAME
Personal name De Lancer, Julio R.
245 10 - TITLE STATEMENT
Title Inquietudes :
Remainder of title (artículos) /
Statement of responsibility, etc. Julio R. De Lancer ; compiladoras Nidia de León, Miledys Marmolejos, Elida Jiménez.
260 ## - PUBLICATION, DISTRIBUTION, ETC. (IMPRINT)
Place of publication, distribution, etc. Santo Domingo :
Name of publisher, distributor, etc. Biblioteca Nacional
Date of publication, distribution, etc. 1993.
300 ## - PHYSICAL DESCRIPTION
Extent 245 p. ;
Dimensions 21 cm.
490 1# - SERIES STATEMENT
Series statement Orfeo
650 #4 - SUBJECT ADDED ENTRY--TOPICAL TERM
Topical term or geographic name as entry element BIBLIOTECOLOGÍA
General subdivision COLECCIONES DE ESCRITOS
650 #4 - SUBJECT ADDED ENTRY--TOPICAL TERM
Topical term or geographic name as entry element BIBLIOTECAS
650 #4 - SUBJECT ADDED ENTRY--TOPICAL TERM
Topical term or geographic name as entry element FERIA DEL LIBRO
650 #4 - SUBJECT ADDED ENTRY--TOPICAL TERM
Topical term or geographic name as entry element ARTÍCULOS DE PRENSA
700 1# - ADDED ENTRY--PERSONAL NAME
Personal name León, Nidia de
700 1# - ADDED ENTRY--PERSONAL NAME
Personal name Marmolejo, Melidys
700 1# - ADDED ENTRY--PERSONAL NAME
Personal name Jiménez, Elida
830 #0 - SERIES ADDED ENTRY--UNIFORM TITLE
Uniform title Orfeo
942 ## - ADDED ENTRY ELEMENTS (KOHA)
Source of classification or shelving scheme Dewey Decimal Classification
Koha item type Libros
956 ## - LOCAL ELECTRONIC LOCATION AND ACCESS (OCLC)
Host name VMATEO
Access number 10
Compression information 20160820
Logon BPMSU
Processor of request 0069
Existencias
Withdrawn status Lost status Source of classification or shelving scheme Damaged status Not for loan Collection code Home library Current library Date acquired Total Checkouts Barcode Date last seen Copy number Price effective from Koha item type
    Dewey Decimal Classification       Biblioteca Pública Metropolitana Salomé Ureña Biblioteca Pública Metropolitana Salomé Ureña 02/12/2015   BPMET15041176 02/12/2015 1 ej. 02/12/2015 Libros
    Dewey Decimal Classification       Biblioteca Pública Metropolitana Salomé Ureña Biblioteca Pública Metropolitana Salomé Ureña 02/12/2015   BPMET15041177 02/12/2015 2 ej. 02/12/2015 Libros